| 000 | 01206nam a22002537a 4500 | ||
|---|---|---|---|
| 005 | 20090102122541.0 | ||
| 008 | 090102t xxu||||| |||| 00| 0 hin d | ||
| 010 | _aB-309530 | ||
| 020 | _c13.50 | ||
| 035 | _aB-309530 | ||
| 037 | _bDBAD / PUB | ||
| 040 |
_aDPL _bHN |
||
| 082 | _aक | ||
| 100 | _aगुप्त, विश्वनाथ | ||
| 245 |
_aपौराणिक बाल कथाएं / _cविश्वनाथ गुप्त |
||
| 246 |
_aParanik Bal Kathayen _bby Vishawanath Gupta |
||
| 260 |
_aनई दिल्ली _bप्रकाशन विभाग, सूचना और प्रसारण मंत्रालय _c1990 |
||
| 270 |
_aपटियाला हाउस _bनई दिल्ली _e110 001 |
||
| 300 |
_aभा-2, 53 पृ. _c21 सेमी (अजिल्द) _bसचित्र |
||
| 650 | _2हिन्दी बाल कहानियाँ | ||
| 650 | _2 Hindi Children Stories | ||
| 942 |
_2ddc _cCH _mगुप्तवि _hक |
||
| 999 |
_c20862 _d20862 |
||